1656 1826 1119 1504 1242 1733 1349 1821 1065 1562 1393 1285 1465 1901 1263 1625 1390 1899 1483 1137 1743 1228 2000 1039 1748 1442 1671 1712 1548 1158 1580 1730 1232 1480 1031 1440 1487 1866 1718 1552 1507 1606 1720 1314 1931 1079 1254 1480 1438 1202 1577 1243 1311 1550 1015 1495 1094 1701 1418 1082 1487 1859 1971 1228 1299 1878 1073 1940 1230 1414 1591 1768 1008 1500 1484 1776 1743 1712 1973 1121 1371 1148 1120 1829 1577 1596 1150 1854 1832 1586 1936 1286 1996 1391 1939 1240 1512 1753 1476 BCNSPRNW ULIB Ver.6.0+V

เปลี่ยนเป็นภาษาไทย

Change to English
 แสดงรายละเอียดบรรณานุกรม
  กลับหน้าหลัก

Brief Record : Get Marc (ISO 2709) : E-mail record : QR code < ปิดหน้าต่าง
LEADER : 00000nam 2200000uu 4500
001    13399113063
003     ULIB
008    110922s2546||||th 000 0 tha d
020    9749177169
050  4 PE1128^bก669T 2546
100 0  กิตติ์ จิรติกุล
245 10 TOEFL Listening Tests /^cกิตติ์ จิรติกุล
250    พิมพ์ครั้งที่ 1
260    กรุงเทพฯ :^bดวงกมลสมัย,^c2546
300    220 หน้า :^bภาพประกอบ ;^c26 ซม. +^eซีดี-รอม 2 แผ่น
650  4 ภาษาอังกฤษ^xข้อสอบและเฉลย
650  4 ภาษาอังกฤษ^xไวยากรณ์
650  4 ภาษาอังกฤษ^xการใช้ภาษา
945    ^p359^l0^i020209
995    ทศพร
999 ^a ทศพร
รายการนี้ยังไม่มีแท็ก
คุณยังไม่ได้ล็อกอิน คุณสามารถมีกิจกรรมร่วมกับเว็บไซต์ได้ แต่ต้องล็อกอินก่อน ::
  ล็อกอิน

รายการสื่อสารสนเทศ

ลำดับที่ ประเภท เลขเรียก/บาร์โค้ด สถานที่ สถานะ
- ไม่พบข้อมูล -

รายการใกล้เคียง
    ผู้แต่ง [กิตติ์ จิรติกุล]

    หัวเรื่อง [ภาษาอังกฤษ การใช้ภาษา]

BibComment


ยังไม่เคยถูกคอมเมนท์

คอมเมนท์ทรัพยากรรายการนี้
  คอมเมนท์: TOEFL Listening T..


 Copyright 2026. Bcnsprnw @Library